| 000 | 00335pam a2200133a 44500 | ||
|---|---|---|---|
| 008 | 230405s2007 xxu||||| |||| 00| 0 eng d | ||
| 020 |
_a818061963x _cRs. 206.50 |
||
| 082 |
_a610.73 _bBAS |
||
| 100 | _aBasavanthappa, B.T. | ||
| 245 | _aNursing Theories | ||
| 260 |
_aNew Delhi _bJaypee Pub _c2007 |
||
| 300 | _a406 p | ||
| 906 | _a001526 | ||
| 999 |
_c250213 _d250213 |
||